书目信息 |
| 题名: |
中华行书常用字字汇
|
|
| 作者: | 刘国辉 编著 | |
| 分册: | ||
| 出版信息: | 南京 江苏凤凰美术出版社 2017.5 |
|
| 页数: | 344页 | |
| 开本: | 24cm | |
| 丛书名: | 中国传统文化经典荟萃 | |
| 单 册: | ||
| 中图分类: | J292.113.5 | |
| 科图分类: | ||
| 主题词: | 行书--书法 | |
| 电子资源: | ||
| ISBN: | 978-7-5580-1827-5 | |
| 000 | 00995oam2 2200253 45 | |
| 001 | 012001011646 | |
| 005 | 20141122141500.0 | |
| 010 | @a978-7-5580-1827-5@b精装@dCNY49.80 | |
| 100 | @a20181029d2017 em y0chiy0110 ea | |
| 101 | 0 | @achi |
| 102 | @aCN@b320000 | |
| 105 | @ay z 000yy | |
| 106 | @ar | |
| 200 | 1 | @a中华行书常用字字汇@Azhong hua hang shu chang yong zi zi hui@f刘国辉编著 |
| 210 | @a南京@c江苏凤凰美术出版社@d2017.5 | |
| 215 | @a344页@d24cm | |
| 225 | 2 | @a中国传统文化经典荟萃 |
| 330 | @a行书是在楷书的基础上发展起源的,介于楷书、草书之间的一种字体,是为了弥补楷书的书写速度太慢和草书的难于辨认而产生的。“行”是“行走”的意思,因此它不像草书那样潦草,也不像楷书那样端正。实质上它是楷书的草化或草书的楷化。楷法多于草法的叫“行楷”,草法多于楷法的叫“行草”。 | |
| 410 | 0 | @12001 @a中国传统文化经典荟萃 |
| 606 | 0 | @a行书@x书法 |
| 690 | @aJ292.113.5@v5 | |
| 701 | 0 | @a刘国辉@Aliu guo hui@4编著 |
| 801 | 0 | @aCN@b上海新华@c20191020 |
| 905 | @b1184010-3@dJ292.113.5@e630@f4 | |
| 中华行书常用字字汇/刘国辉编著.-南京:江苏凤凰美术出版社,2017.5 |
| 344页;24cm.-(中国传统文化经典荟萃) |
| ISBN 978-7-5580-1827-5(精装):CNY49.80 |
| 行书是在楷书的基础上发展起源的,介于楷书、草书之间的一种字体,是为了弥补楷书的书写速度太慢和草书的难于辨认而产生的。“行”是“行走”的意思,因此它不像草书那样潦草,也不像楷书那样端正。实质上它是楷书的草化或草书的楷化。楷法多于草法的叫“行楷”,草法多于楷法的叫“行草”。 |
| ● |
| 相关链接 |
|
|
|
|
正题名:中华行书常用字字汇
索取号:J292.113.5/630
 
预约/预借
| 序号 | 登录号 | 条形码 | 馆藏地/架位号 | 状态 | 备注 |
| 1 | 1184010 | 211840105 | 第一样本阅览室/ [索取号:J292.113.5/630] | 在馆 | |
| 2 | 1184011 | 211840114 | 第一借阅区/ [索取号:J292.113.5/630] | 在馆 | |
| 3 | 1184012 | 211840123 | 第一借阅区/ [索取号:J292.113.5/630] | 在馆 | |
| 4 | 1184013 | 211840132 | 第一借阅区/ [索取号:J292.113.5/630] | 在馆 |